Digital system design with VHDL / (Record no. 178611)
[ view plain ]
| 000 -LEADER | |
|---|---|
| fixed length control field | 01064 a2200217 4500 |
| 003 - CONTROL NUMBER IDENTIFIER | |
| control field | Nust |
| 005 - DATE AND TIME OF LATEST TRANSACTION | |
| control field | 20221123115106.0 |
| 010 ## - LIBRARY OF CONGRESS CONTROL NUMBER | |
| LC control number | 99088375 |
| 020 ## - INTERNATIONAL STANDARD BOOK NUMBER | |
| International Standard Book Number | 8129706504 |
| 040 ## - CATALOGING SOURCE | |
| Transcribing agency | Nust |
| 082 00 - DEWEY DECIMAL CLASSIFICATION NUMBER | |
| Classification number | 621.38121,ZWO |
| 100 1# - MAIN ENTRY--PERSONAL NAME | |
| Personal name | Zwolinki, Mark |
| 9 (RLIN) | 103409 |
| 245 10 - TITLE STATEMENT | |
| Title | Digital system design with VHDL / |
| Statement of responsibility, etc. | Mark Zwolinki. |
| 250 ## - EDITION STATEMENT | |
| Edition statement | 2nd Edition |
| 260 ## - PUBLICATION, DISTRIBUTION, ETC. | |
| Place of publication, distribution, etc. | Harlow, England ; |
| -- | New York : |
| Name of publisher, distributor, etc. | Prentice Hall, |
| Date of publication, distribution, etc. | 2000. |
| 300 ## - PHYSICAL DESCRIPTION | |
| Extent | xii,368p. : |
| Other physical details | ill. ; |
| Dimensions | 24 cm. |
| 505 ## - FORMATTED CONTENTS NOTE | |
| Formatted contents note | Introduction (Page-1), Combinational Logic Design (Page-19), Combinational Logic Using VHDL Gate Models (Page-38), Combinational Building Blocks (Page-53), Synchronous Sequential Design (Page-80), VHDL Models of Sequential Blocks (Page-115), VHDL Simulation (Page-178), VHDL Synthesis (Page-190), Testing Digital Systems (Page-221), Design for Testability (Page-248), Asynchronous Sequential Design (Page-271), Interfacing with the Analogue World (Page-301). |
| 650 #0 - SUBJECT ADDED ENTRY--TOPICAL TERM | |
| Topical term or geographic name entry element | Digital electronics |
| General subdivision | Data processing. |
| 9 (RLIN) | 94834 |
| 650 #0 - SUBJECT ADDED ENTRY--TOPICAL TERM | |
| Topical term or geographic name entry element | Telecommunication Engineering |
| 942 ## - ADDED ENTRY ELEMENTS (KOHA) | |
| Source of classification or shelving scheme | |
| Koha item type | Book |
| Withdrawn status | Lost status | Source of classification or shelving scheme | Damaged status | Not for loan | Permanent Location | Current Location | Shelving location | Date acquired | Full call number | Barcode | Date last seen | Price effective from | Koha item type | Public note |
|---|---|---|---|---|---|---|---|---|---|---|---|---|---|---|
| Military College of Signals (MCS) | Military College of Signals (MCS) | General Stacks | 12/12/2016 | 621.38121,ZWO | MCS31085 | 12/08/2016 | 12/12/2016 | Book | Almirah No.32, Shelf No.1 |
